000 00378nam a22001217a 4500
082 _a297.5
_bKHO
100 _aDr.Muhammad Iftikhar Khokhar/ ڈاکٹر محمد افتخار کھوکھر
245 _aLalach ka anjam/
_bلالچ کا انجام
260 _aلاہور:
_bدارالسلام پبلشرز,
_c2006.
300 _a40p. ;
563 _aPB
942 _2ddc
_cBK
999 _c614916
_d614916